U.S. Customs and Border Protection's management of the purchase and storage of steel in support of the secure border initiative /

Bibliographic Details
Corporate Author: United States. Department of Homeland Security. Office of Inspector General (Author)
Format: Government Document eBook
Language:English
Published: Washington, District of Columbia : Department of Homeland Security, Office of Inspector General, 2011.
Subjects:
Online Access:https://purl.fdlp.gov/GPO/gpo49510

MARC

Tag First Indicator Second Indicator Subfields
LEADER 00000cam a2200000 i 4500
001 in00003476607
005 20211120172422.0
006 m o d f
007 cr cn|||||||||
008 140622s2011 dcua o f000 0 eng c
035 |a (OCoLC)ocn881579262 
040 |a GPO  |b eng  |e rda  |e pn  |c GPO  |d MvI  |d UtOrBLW 
042 |a pcc 
043 |a n-us--- 
049 |a WWW 
074 |a 0520-B-32 (online) 
086 0 |a HS 1.22:12-05 
088 |a OIG-12-05 
110 1 |a United States.  |b Department of Homeland Security.  |b Office of Inspector General,  |e author. 
245 1 0 |a U.S. Customs and Border Protection's management of the purchase and storage of steel in support of the secure border initiative /  |c Department of Homeland Security, Office of Inspector General. 
246 3 |a United States customs and border protection's management of the purchase and storage of steel in support of the secure border initiative 
264 1 |a Washington, District of Columbia :  |b Department of Homeland Security, Office of Inspector General,  |c 2011. 
300 |a 1 online resource (23 pages) :  |b color illustrations 
336 |a text  |b txt  |2 rdacontent 
337 |a computer  |b c  |2 rdamedia 
338 |a online resource  |b cr  |2 rdacarrier 
500 |a Title from title screen (viewed on June 2, 2014). 
500 |a "November 2011." 
500 |a "OIG-12-05." 
610 2 0 |a U.S. Customs and Border Protection  |x Security measures  |x Auditing. 
650 0 |a Border security  |z United States  |x Management. 
650 0 |a Government purchasing  |x Management  |x Evaluation. 
650 0 |a Illegal aliens  |z United States  |x Prevention. 
651 0 |a United States  |x Boundaries  |x Management. 
650 0 |a Fences  |x Design and construction. 
856 4 0 |u https://purl.fdlp.gov/GPO/gpo49510  |t 0 
999 |a MARS 
999 f f |s 90f44e48-dd36-366c-8834-f641efa4d21c  |i 13e86190-6ac2-344f-b421-8c6a3806137c  |t 0 
952 f f |a Texas A&M University  |b College Station  |c Electronic Resources  |d Available Online  |t 0  |e HS 1.22:12-05  |h Superintendent of Documents classification 
998 f f |a HS 1.22:12-05  |t 0  |l Available Online